| 000 | 00554nam a22001937a 4500 | ||
|---|---|---|---|
| 003 | BD-DhJNU | ||
| 005 | 20250224044309.0 | ||
| 008 | 250224b |||||||| |||| 00| 0 eng d | ||
| 020 | _a9788177584097 | ||
| 040 |
_aBD-DhJNU _bENG _cBD-DhJNU _dBD-DhJNU |
||
| 082 |
_223 _a621.3815 |
||
| 100 | _aMano, M. Morris | ||
| 245 |
_aDigital logic and computer design / _cM. Morris Mano |
||
| 260 |
_aNew Delhi : _bPearson, _c1979. |
||
| 300 |
_aXII, 612 p. : _bill. ; _c23 cm. |
||
| 504 | _aincludes index | ||
| 650 | _aDigital Logic Design | ||
| 942 |
_2ddc _cBK _n0 |
||
| 999 |
_c1376 _d1376 |
||